Albumy Playboi Carti - Statystyki

Ogólne statystyki
  • Ten quiz został rozwiązany 296 razy
    124 od ostatniego zresetowania
  • Średni wynik to 5 z 7
Statystyki odpowiedzi
Rok Nazwa % Poprawnych
2018 Die Lit
98%
2025 MUSIC
98%
2020 Whole Lotta Red
98%
2017 Playboi Carti
94%
2016 In Abundance
54%
2012 Young Mi$fit
15%
2011 THC
11%
Nie znaleziono quizów pasujących do podanych kryteriów
Rozkład punktacji
Procent ludzi z każdym wynikiem
Percentyl według liczby udzielonych odpowiedzi
Twoja historia wyników
Nie rozwiązałeś tego quizu od ostatniego zresetowania